000 00704cam a2200205 4500
001 ABS67761
008 040507n2004 000 0 eng u
035 _a(Sirsi) u126137
100 _aWright, G.
245 2 _aA priceless tool if used well
260 _c2004
490 _aPlanning (for the Natural and Built Environment)
_v(1566) 23 April 2004, 15(1)
520 _aArgues for the merits of outline planning applications. The government continues to support such permisions but is planning new regulations and guidance for their use.
590 _aABS
590 _aABS
650 _aOUTLINE PLANNING PERMISSION
650 _aPLANNING PROCESS
690 _aPLANNING-PRACTICE
942 _n0
999 _c117321
_d117321